000 00365 a2200157 4500
001 62560
020 _a9788532522337
040 _cAnchieta - Pituba
100 _aChbosky, Stephen
240 1 0 _aAs vantagens de ser invisível
_lpor
245 1 0 _aAs vantagens de ser invisível
300 _a223
362 0 _a2007
650 4 _aLiteratura infantil
942 _cBK
999 _c62560
_d62560